Sports Quiz

Random Sports or Baseball Quiz

MLB 600 Home Run Club Quiz Stats

 Plays Quiz Updated Oct 3, 2019

Score 0/9 Timer 01:00
13 Plays Today
Home Runs Player % Correct
762Barry Bonds
97.3%
714Babe Ruth
96.1%
755Hank Aaron
93%
696Alex Rodriguez
82.2%
609Sammy Sosa
79%
656Albert Pujols
74.1%
660Willie Mays
73.4%
630Ken Griffey Jr.
68.9%
612Jim Thome
31.7%

You're not logged in!

Compare scores with friends on all Sporcle quizzes.
OR
Log In

Sporcle TV

Today on Sporcle TV


Watch our educational content, quiz creation guides, and fun videos on Sporcle TV.

Show Comments

Extras

Top Quizzes Today


Score Distribution

Your Account Isn't Verified!

In order to create a playlist on Sporcle, you need to verify the email address you used during registration. Go to your Sporcle Settings to finish the process.

Report this User

Report this user for behavior that violates our Community Guidelines.

Details: